000 00299nam a22001337a 4500
008 170424b xxu||||| |||| 00| 0 eng d
020 _a2900030012913
041 _aeng
080 _23RD
_a54
100 _a12
101 _aSHM
245 _aCHEMISTRY & CHEMICAL REACTIVITY
_cKOTZ
942 _2udc
_cBK
999 _c11639
_d11639